000
00344nam a2200157Ia 4500
003
OSt
005
20240105142102.0
008
170524s9999 xx 000 0 und d
020
_a
9788122419467
040
_c
IIMTU
100
_a
De AK
245
0
_a
Environmental Chemistry
260
_b
New Age New Delhi
260
_c
2006
942
_2
ddc
_c
02
999
_c
4654
_d
4654